000 00313nam a2200133Ia 4500
100 _aGupta /K.N./ Kaushish/J.P.
942 _cBK
654 _aAutomobile engineering
245 _aPractical Automobiles Engineering
260 _bNew Heights
_aNew Delhi
_c1990
300 _a496
546 _aHINDI
999 _c22307
_d22307